Statistics for Name a Valid Country Flag

Click here to take the quiz!

General Stats

  • This quiz has been taken 994 times
  • The average score is 12 of 19

Answer Stats

Name a country flag...Answer% Correct
with Arabic textAfghanistan | Brunei | Egypt | Iran | Iraq | Saudi Arabia
98%
with the Union JackAustralia | Fiji | New Zealand | Tuvalu | United Kingdom
93%
with more than 10 starsBrazil | United States | Uzbekistan
92%
that contains a double-headed eagleAlbania | Montenegro | Serbia
87%
of European island nation that does not contain a crossIreland
87%
that is more than 90% redChina | Kyrgyzstan | Morocco | Turkey | Tunisia | Vietnam
84%
that is adopted after january 1st 2010Libya | Malawi | Mauritania | Myanmar | South Sudan
80%
that is not rectangularSwitzerland | Nepal | Vatican City
76%
with more than 10 stripesLiberia | Malaysia | United States
69%
of European nation that contains only red, white and green colorBelarus | Bulgaria | Hungary | Italy
60%
of African nation with only two colorsMorocco | Nigeria | Somalia | Tunisia
59%
with the Southern CrossAustralia | Brazil | New Zealand | Papua New Guinea | Samoa
59%
with a diagonal stripe outside of AfricaBrunei | Marshall Islands | Solomon Islands | St. Kitts and Nevis | Trinidad and Tobago
48%
of monarchy that contains a crownLiechtenstein | Spain | Vatican City
46%
of Asia that contains a crossGeorgia
41%
that is adopted before 1801Denmark | Nepal | Netherlands
36%
without the colors red, white or blueJamaica
28%
of European nation that contains a crescentCroatia | Moldova
19%
with the moon (not crescent)Bangladesh | Laos | Mongolia | Palau
17%

Score Distribution

Percentile by Number Answered

Percent of People with Each Score

Your Score History

You have not taken this quiz